Organización y dirección de empresas (Registro nro. 2508)

Detalles MARC
000 -LEADER
fixed length control field 00860 a2200193 4500
001 - CONTROL NUMBER
control field 34888
005 - DATE AND TIME OF LATEST TRANSACTION
control field 20260407155634.0
008 - FIXED-LENGTH DATA ELEMENTS--GENERAL INFORMATION
fixed length control field 260407a1970 arg spa d
003 - CONTROL NUMBER IDENTIFIER
control field AR-UNSa-BCEJYS
040 ## - CATALOGING SOURCE
Original cataloging agency AR-UNSa-BCEJYS
Language of cataloging spa
Transcribing agency AR-UNSa-BCEJYS
080 ## - UNIVERSAL DECIMAL CLASSIFICATION NUMBER
Universal Decimal Classification number 658.012.32
Common auxiliary subdivision Formas de organización, de gestión
100 1# - MAIN ENTRY--PERSONAL NAME
Personal name Gerbier, Jean
245 10 - TITLE STATEMENT
Title Organización y dirección de empresas
Name of part/section of a work vademecum del empresario
264 #1 - PRODUCTION, PUBLICATION, DISTRIBUTION, MANUFACTURE, AND COPYRIGHT NOTICE
Place of production, publication, distribution, manufacture Madrid :
Name of producer, publisher, distributor, manufacturer Paraninfo
Date of production, publication, distribution, manufacture, or copyright notice 1970
300 ## - PHYSICAL DESCRIPTION
Extent 366 p.
Dimensions 21 cm.
505 ## - FORMATTED CONTENTS NOTE
Formatted contents note 1. Glosario de organización y gestión - 2. Técnicas generales de organización - 3. La organización y los hombres - 4. La organización comercial - 5. La organización de la producción - 6. La organización de los trabajos administrativos - 7. Gestión y dirección - 8. Las organizaciones.
590 ## - LOCAL NOTE (RLIN)
Local note niveau_biblio:m niveau_hierar:0
942 ## - ADDED ENTRY ELEMENTS (KOHA)
Koha item type
Existencias
Withdrawn status Lost status Damaged status Not for loan Home library Current library Shelving location Date acquired Total checkouts Full call number Barcode Date last seen Price effective from Koha item type
        Biblioteca Prof. Eusebio Cleto del Rey Biblioteca Prof. Eusebio Cleto del Rey   07/04/2026   658.012.32 G363 L23578 07/04/2026 07/04/2026 Libro
        Biblioteca Prof. Eusebio Cleto del Rey Biblioteca Prof. Eusebio Cleto del Rey   07/04/2026   658.012.32 G363 L23579 07/04/2026 07/04/2026 Libro